An introduction to economics ( applied and theoretical )./ (Record no. 110864)

MARC details
000 -LEADER
fixed length control field 00496nam a22001697a 4500
003 - CONTROL NUMBER IDENTIFIER
control field BD-ChCU
005 - DATE AND TIME OF LATEST TRANSACTION
control field 20260111114232.0
008 - FIXED-LENGTH DATA ELEMENTS--GENERAL INFORMATION
fixed length control field 260111b bg ||||| |||| 00| 0 ben d
040 ## - CATALOGING SOURCE
Transcribing agency BD-ChCU
082 ## - DEWEY DECIMAL CLASSIFICATION NUMBER
Classification number 330.1 SUI
100 ## - MAIN ENTRY--PERSONAL NAME
Personal name Subrata Gupta .
9 (RLIN) 18904
245 ## - TITLE STATEMENT
Title An introduction to economics ( applied and theoretical )./
Statement of responsibility, etc. Gupta Subrata.
260 ## - PUBLICATION, DISTRIBUTION, ETC.
Place of publication, distribution, etc. Calcutta :
Name of publisher, distributor, etc. N.M. Raychowdhury ,
Date of publication, distribution, etc. C 1968
300 ## - PHYSICAL DESCRIPTION
Extent xii , 445p
650 #0 - SUBJECT ADDED ENTRY--TOPICAL TERM
Topical term or geographic name entry element Economics , Theory of .
9 (RLIN) 18908
942 ## - ADDED ENTRY ELEMENTS (KOHA)
Source of classification or shelving scheme Dewey Decimal Classification
Koha item type Books
Suppress in OPAC No
Holdings
Withdrawn status Lost status Source of classification or shelving scheme Damaged status Not for loan Home library Current library Shelving location Date acquired Source of acquisition Total Checkouts Full call number Barcode Date last seen Copy number Price effective from Koha item type
    Dewey Decimal Classification     Chittagong University Library Chittagong University Library Business and Social Science Reading Room 11/01/2026 Purchase   330.1 SUI 83829 11/01/2026 C-1 11/01/2026 Books
    Dewey Decimal Classification     Chittagong University Library Chittagong University Library Business and Social Science Reading Room 11/01/2026 Purchase   330.1 SUI 83830 11/01/2026 C-2 11/01/2026 Books
    Dewey Decimal Classification     Chittagong University Library Chittagong University Library Business and Social Science Reading Room 11/01/2026 Purchase   330.1 SUI 83831 11/01/2026 C-3 11/01/2026 Books
    Dewey Decimal Classification     Chittagong University Library Chittagong University Library Business and Social Science Reading Room 11/01/2026 Purchase   330.1 SUI 83832 11/01/2026 C-4 11/01/2026 Books
    Dewey Decimal Classification     Chittagong University Library Chittagong University Library Business and Social Science Reading Room 11/01/2026 Purchase   330.1 SUI 83833 11/01/2026 C-5 11/01/2026 Books
    Dewey Decimal Classification     Chittagong University Library Chittagong University Library Business and Social Science Reading Room 11/01/2026 Purchase   330.1 SUI 97222 11/01/2026 C-6 11/01/2026 Books
    Dewey Decimal Classification     Chittagong University Library Chittagong University Library Business and Social Science Reading Room 11/01/2026 Purchase   330.1 SUI 97223 11/01/2026 C-7 11/01/2026 Books
    Dewey Decimal Classification     Chittagong University Library Chittagong University Library Business and Social Science Reading Room 11/01/2026 Purchase   330.1 SUI 97224 11/01/2026 C-8 11/01/2026 Books
© Copyright 2026. Chittagong University Library, Installation and Maintenance by Prof. Dr. Md. Alamgir, 01711306253